[Event "GBR-ch87"]
[Site "Millfield"]
[Date "2000.08.03"]
[Round "4.30"]
[White "Simons, Martin"]
[Black "Evans-Quek, Debbie"]
[Result "1-0"]
[WhiteElo "2226"]
[BlackElo "2046"]
[PlyCount "55"]
[EventDate "2000.07.31"]
[EventType "swiss"]
[EventRounds "11"]
[EventCountry "GBR"]
[SourceTitle "BritBase"]
[SourceDate "2008.07.14"]
[SourceVersion "1"]
[SourceVersionDate "2008.07.14"]
[SourceQuality "2"]

1. d4 d5 2. e4 dxe4 3. Nc3 Nf6 4. f3 exf3 5. Nxf3 e6 6. Bg5 Be7 7. Bd3 Nbd7 8.
O-O h6 9. Bf4 Nd5 10. Nxd5 exd5 11. Qe2 O-O 12. Bxc7 Qxc7 13. Qxe7 Qb6 14. b3
Nf6 15. Qc5 Qd8 16. Rae1 Be6 17. Qb4 Qc7 18. Ne5 Rfe8 19. Re3 Ng4 20. Nxg4 Bxg4
21. Rfe1 Rxe3 22. Rxe3 Be6 23. Qd2 Rc8 24. Rg3 Kh8 25. Rf3 Qc3 26. Qxc3 Rxc3
27. Kf2 Kg8 28. Bh7+ 1-0

[Event "GBR-ch87"]
[Site "Millfield"]
[Date "2000.08.03"]
[Round "4.31"]
[White "Waters, Clive"]
[Black "Orton, Stephen"]
[Result "1-0"]
[WhiteElo "2170"]
[BlackElo "2045"]
[PlyCount "86"]
[EventDate "2000.07.31"]
[EventType "swiss"]
[EventRounds "11"]
[EventCountry "GBR"]
[SourceTitle "BritBase"]
[SourceDate "2008.07.14"]
[SourceVersion "1"]
[SourceVersionDate "2008.07.14"]
[SourceQuality "2"]

1. Nf3 Nf6 2. d4 g6 3. Nc3 d5 4. Bf4 Bg7 5. e3 O-O 6. Be2 c5 7. Ne5 cxd4 8.
exd4 Bf5 9. O-O Nc6 10. Re1 Ne4 11. Nxe4 Bxe4 12. Nxc6 bxc6 13. c3 Qb6 14. Qb3
Rfe8 15. Bf1 e5 16. Qxb6 axb6 17. Bxe5 Bh6 18. a3 b5 19. f3 Bc2 20. g4 Re6 21.
Bh3 Bg5 22. f4 f6 23. Bc7 Rxe1+ 24. Rxe1 Bh4 25. Re7 h6 26. Bg2 Rc8 27. Bd6 Rd8
28. Bc5 Bd3 29. Re6 Bc4 30. Bf1 Bb3 31. Bd3 Kf7 32. Re7+ Kg8 33. Bxg6 f5 34.
Re8+ Rxe8 35. Bxe8 fxg4 36. Kg2 Bd1 37. Bxc6 Bf3+ 38. Kf1 g3 39. hxg3 Bxg3 40.
Bxb5 Bxf4 41. a4 h5 42. a5 h4 43. Bd7 Be4 1-0

[Event "GBR-ch87"]
[Site "Millfield"]
[Date "2000.08.03"]
[Round "4.32"]
[White "Freeman, Richard CP"]
[Black "Spence, David J"]
[Result "1/2-1/2"]
[WhiteElo "2025"]
[BlackElo "2153"]
[PlyCount "66"]
[EventDate "2000.07.31"]
[EventType "swiss"]
[EventRounds "11"]
[EventCountry "GBR"]
[SourceTitle "BritBase"]
[SourceDate "2008.07.14"]
[SourceVersion "1"]
[SourceVersionDate "2008.07.14"]
[SourceQuality "2"]

1. d4 d5 2. Bg5 c6 3. e3 Qb6 4. b3 h6 5. Bf4 Bf5 6. Bd3 Bxd3 7. Qxd3 Nf6 8. Nf3
Nbd7 9. Nbd2 e6 10. O-O Be7 11. Ne5 Nxe5 12. Bxe5 O-O 13. c4 Qd8 14. c5 Nd7 15.
Nf3 f6 16. Bg3 e5 17. Qf5 Rf7 18. Rac1 e4 19. Nh4 Nf8 20. f3 exf3 21. Rxf3 Qd7
22. Qh5 Ne6 23. Nf5 Nf8 24. Bf4 g6 25. Nxh6+ Kh7 26. Qh4 g5 27. Bxg5 fxg5 28.
Rxf7+ Kg6 29. Qf2 Kxh6 30. h4 Qe6 31. Rf1 Ng6 32. hxg5+ Bxg5 33. Re1 Re8
1/2-1/2

[Event "GBR-ch87"]
[Site "Millfield"]
[Date "2000.08.03"]
[Round "4.33"]
[White "Hebbes, Tim"]
[Black "Binks, Michael E"]
[Result "0-1"]
[WhiteElo "2121"]
[BlackElo "2155"]
[PlyCount "62"]
[EventDate "2000.07.31"]
[EventType "swiss"]
[EventRounds "11"]
[EventCountry "GBR"]
[SourceTitle "BritBase"]
[SourceDate "2008.07.14"]
[SourceVersion "1"]
[SourceVersionDate "2008.07.14"]
[SourceQuality "2"]

1. e4 e5 2. Nf3 Nc6 3. Bb5 a6 4. Ba4 Nf6 5. O-O Be7 6. Re1 b5 7. Bb3 d6 8. h3
Na5 9. c3 Nxb3 10. Qxb3 c5 11. d4 Qc7 12. a4 Rb8 13. axb5 axb5 14. Qa2 O-O 15.
Qa5 Qc6 16. dxc5 Nxe4 17. cxd6 Bxd6 18. Be3 Bxh3 19. Ba7 Ra8 20. gxh3 Bc5 21.
Nxe5 Qd5 22. Qc7 Rxa7 23. Rxa7 Nxf2 24. Qc6 Ng4+ 25. Kf1 Nh2+ 26. Ke2 Qxe5+ 27.
Kd1 Qh5+ 28. Re2 Bxa7 29. Qc7 Bb8 30. Qd7 Nf1 31. Nd2 Ng3 0-1

[Event "GBR-ch87"]
[Site "Millfield"]
[Date "2000.08.03"]
[Round "4.34"]
[White "McDonnell, James"]
[Black "Buckley, Melanie"]
[Result "0-1"]
[WhiteElo "2050"]
[BlackElo "2124"]
[PlyCount "54"]
[EventDate "2000.07.31"]
[EventType "swiss"]
[EventRounds "11"]
[EventCountry "GBR"]
[SourceTitle "BritBase"]
[SourceDate "2008.07.14"]
[SourceVersion "1"]
[SourceVersionDate "2008.07.14"]
[SourceQuality "2"]

1. e4 e6 2. d4 d5 3. Nd2 Nf6 4. e5 Nfd7 5. Bd3 c5 6. c3 Nc6 7. Ne2 cxd4 8. cxd4
f6 9. exf6 Nxf6 10. O-O Bd6 11. Nf3 Qc7 12. Nc3 a6 13. Bg5 O-O 14. Bh4 Nh5 15.
a3 g6 16. Bg5 Qg7 17. Be3 Bd7 18. Rc1 Rae8 19. Bb1 Bb8 20. b4 Nf4 21. Ba2 Rf6
22. Qd2 Nh3+ 23. Kh1 Rxf3 24. gxf3 Qf6 25. Qd1 Qh4 26. Kg2 Ng5 27. f4 Qh3+ 0-1

[Event "GBR-ch87"]
[Site "Millfield"]
[Date "2000.08.04"]
[Round "5.6"]
[White "Webster, Andrew"]
[Black "Chandler, Murray G"]
[Result "1/2-1/2"]
[WhiteElo "2417"]
[BlackElo "2526"]
[PlyCount "102"]
[EventDate "2000.07.31"]
[EventType "swiss"]
[EventRounds "11"]
[EventCountry "GBR"]
[SourceTitle "BritBase"]
[SourceDate "2008.07.14"]
[SourceVersion "1"]
[SourceVersionDate "2008.07.14"]
[SourceQuality "2"]

1. c4 Nf6 2. g3 e6 3. Bg2 d5 4. Nf3 dxc4 5. Na3 Bxa3 6. bxa3 O-O 7. Rb1 Nc6 8.
Qa4 e5 9. Qxc4 Bf5 10. d3 e4 11. dxe4 Bxe4 12. Rb2 Ne5 13. Qb3 b6 14. O-O Nxf3+
15. Bxf3 h6 16. a4 Re8 17. Rd2 Qe7 18. Ba3 Qe6 19. Rc1 Bxf3 20. exf3 c5 21. a5
Rad8 22. Rxd8 Rxd8 23. Bb2 Rd2 24. Qxe6 fxe6 25. Bxf6 gxf6 26. axb6 axb6 27.
Rb1 Rd6 28. Kf1 Kf7 29. f4 Ke7 30. Ke2 Kd7 31. Rd1 Rxd1 32. Kxd1 Kd6 33. Kd2
Kd5 34. f3 Kd4 35. g4 e5 36. fxe5 Kxe5 37. Ke3 b5 38. f4+ Kd5 39. h4 b4 40. h5
c4 41. g5 hxg5 42. fxg5 Ke6 43. h6 Kf7 44. h7 Kg7 45. gxf6+ Kxh7 46. Kd4 c3 47.
Kd3 Kg6 48. a3 bxa3 49. Kxc3 Kxf6 50. Kb3 a2 51. Kb2 a1=N 1/2-1/2

[Event "GBR-ch87"]
[Site "Millfield"]
[Date "2000.08.04"]
[Round "5.8"]
[White "Knott, Simon"]
[Black "Ward, Chris"]
[Result "0-1"]
[WhiteElo "2381"]
[BlackElo "2508"]
[PlyCount "66"]
[EventDate "2000.07.31"]
[EventType "swiss"]
[EventRounds "11"]
[EventCountry "GBR"]
[SourceTitle "BritBase"]
[SourceDate "2008.07.14"]
[SourceVersion "1"]
[SourceVersionDate "2008.07.14"]
[SourceQuality "2"]

1. c4 b6 2. Nc3 Bb7 3. e4 e6 4. Nf3 Bb4 5. Qb3 Na6 6. Be2 Ne7 7. O-O O-O 8. d3
Ng6 9. a3 Nc5 10. Qc2 Bxc3 11. Qxc3 a5 12. Be3 a4 13. Nd4 f5 14. f3 f4 15. Bf2
e5 16. Nf5 Nb3 17. Rae1 c5 18. g4 fxg3 19. hxg3 d6 20. Bd1 Nd4 21. Nxd4 cxd4
22. Qc1 h5 23. f4 exf4 24. Bxh5 Ne5 25. gxf4 Nxd3 26. Qd1 Nxe1 27. Bxe1 Qf6 28.
Qd3 Qh6 29. Qf3 Bxe4 30. Qxe4 Qxh5 31. f5 Qg5+ 32. Kh1 Rae8 33. Qd5+ Rf7 0-1

[Event "GBR-ch87"]
[Site "Millfield"]
[Date "2000.08.04"]
[Round "5.10"]
[White "Wells, Peter"]
[Black "Crawley, Gavin"]
[Result "1/2-1/2"]
[WhiteElo "2506"]
[BlackElo "2401"]
[PlyCount "49"]
[EventDate "2000.07.31"]
[EventType "swiss"]
[EventRounds "11"]
[EventCountry "GBR"]
[SourceTitle "BritBase"]
[SourceDate "2008.07.14"]
[SourceVersion "1"]
[SourceVersionDate "2008.07.14"]
[SourceQuality "2"]

1. e4 e5 2. Nf3 Nc6 3. d4 exd4 4. Nxd4 Bc5 5. Nxc6 Qf6 6. Qd2 bxc6 7. Bd3 Ne7
8. O-O O-O 9. Nc3 Bb4 10. Qe3 Bxc3 11. bxc3 d6 12. f4 Qh6 13. Qg3 f5 14. e5 Nd5
15. Re1 Nxc3 16. exd6 cxd6 17. Bc4+ Nd5 18. Ba3 Bd7 19. Re7 Rf7 20. Rxf7 Kxf7
21. Rb1 Re8 22. Rb7 Re7 23. Bxd5+ cxd5 24. Bb2 a6 25. h3 1/2-1/2

[Event "GBR-ch87"]
[Site "Millfield"]
[Date "2000.08.04"]
[Round "5.11"]
[White "Arkell, Keith"]
[Black "Koneru, Humpy"]
[Result "1-0"]
[WhiteElo "2481"]
[BlackElo "2286"]
[PlyCount "179"]
[EventDate "2000.07.31"]
[EventType "swiss"]
[EventRounds "11"]
[EventCountry "GBR"]
[SourceTitle "BritBase"]
[SourceDate "2008.07.14"]
[SourceVersion "1"]
[SourceVersionDate "2008.07.14"]
[SourceQuality "2"]

1. d4 Nf6 2. Nf3 e6 3. c4 b6 4. g3 Bb7 5. Bg2 Be7 6. O-O O-O 7. Nc3 Ne4 8. Nxe4
Bxe4 9. Nh4 Bxg2 10. Nxg2 d5 11. cxd5 Qxd5 12. Nf4 Qb7 13. Be3 Na6 14. Qb3 c5
15. Rac1 Rac8 16. Rfd1 cxd4 17. Bxd4 Rxc1 18. Rxc1 Rc8 19. Rc3 Rxc3 20. Qxc3
Bb4 21. Qe3 Bf8 22. Qe5 Nb4 23. a3 Nc6 24. Qe4 Qc7 25. Bc3 h6 26. h4 Bd6 27.
Kg2 b5 28. Nd3 a5 29. g4 Qb6 30. g5 hxg5 31. hxg5 b4 32. axb4 axb4 33. Bd2 Qb5
34. f4 g6 35. Nf2 Kf8 36. Qd3 Qxd3 37. Nxd3 Ke7 38. Kf3 Kd7 39. Ke4 Kc7 40. Be3
Bf8 41. Bd4 Kc8 42. Bf6 Kc7 43. Nf2 Na5 44. Ng4 Nc4 45. Kd3 Nd6 46. Be5 Kd7 47.
Bd4 Nf5 48. Ne5+ Ke8 49. Bf2 Bd6 50. Ke4 Ne7 51. Be1 Nd5 52. Bd2 Ke7 53. Kd4 f6
54. gxf6+ Kxf6 55. e4 Ne7 56. Nd3 Nc6+ 57. Kc4 Be7 58. Kb5 Nd4+ 59. Kc4 Nc6 60.
Be1 g5 61. Bf2 Na5+ 62. Kb5 Nb3 63. Be3 gxf4 64. Bxf4 Nd4+ 65. Kc4 Nc6 66. Kb5
Nd4+ 67. Ka5 Nb3+ 68. Kb5 Nd4+ 69. Ka4 Nc6 70. Be3 Bd6 71. Kb5 Ne7 72. Bc5 Nc8
73. Kxb4 Be5 74. Ka4 Nd6 75. Bxd6 Bxd6 76. Kb5 Kg5 77. Kc6 Bf8 78. Nc5 Be7 79.
Nxe6+ Kf6 80. Kd5 Bb4 81. e5+ Ke7 82. Nd4 Bd2 83. b4 Ke8 84. b5 Ba5 85. e6 Bb6
86. Nc6 Bc7 87. Kc5 Kf8 88. b6 Bxb6+ 89. Kxb6 Ke8 90. Kc7 1-0

[Event "GBR-ch87"]
[Site "Millfield"]
[Date "2000.08.04"]
[Round "5.12"]
[White "Crouch, Colin"]
[Black "Douglas, Timothy"]
[Result "1-0"]
[WhiteElo "2448"]
[BlackElo "2015"]
[PlyCount "63"]
[EventDate "2000.07.31"]
[EventType "swiss"]
[EventRounds "11"]
[EventCountry "GBR"]
[SourceTitle "BritBase"]
[SourceDate "2008.07.14"]
[SourceVersion "1"]
[SourceVersionDate "2008.07.14"]
[SourceQuality "2"]

1. d4 Nf6 2. c4 g6 3. Nc3 Bg7 4. e4 d6 5. Nf3 O-O 6. Be2 e5 7. O-O Nc6 8. d5
Ne7 9. b4 Nh5 10. Re1 f5 11. Ng5 Nf6 12. Bf3 f4 13. c5 h6 14. Ne6 Bxe6 15. dxe6
Qe8 16. cxd6 cxd6 17. Be2 Qc6 18. Bb2 Rac8 19. b5 Qe8 20. Rc1 g5 21. Qxd6 Ng6
22. f3 Kh7 23. Ba3 Rd8 24. Qc7 Rg8 25. Qxb7 Qxe6 26. Qc6 Qxc6 27. bxc6 Rc8 28.
Nd5 Rgd8 29. Ba6 Nf8 30. Bxc8 Nxd5 31. Bf5+ Kg8 32. exd5 1-0

[Event "GBR-ch87"]
[Site "Millfield"]
[Date "2000.08.04"]
[Round "5.15"]
[White "Mahesh Chandran, Panjanathan"]
[Black "Buckley, Graeme"]
[Result "0-1"]
[WhiteElo "2238"]
[BlackElo "2351"]
[PlyCount "64"]
[EventDate "2000.07.31"]
[EventType "swiss"]
[EventRounds "11"]
[EventCountry "GBR"]
[SourceTitle "BritBase"]
[SourceDate "2008.07.14"]
[SourceVersion "1"]
[SourceVersionDate "2008.07.14"]
[SourceQuality "2"]

1. e4 c5 2. Nf3 e6 3. d4 cxd4 4. Nxd4 Nf6 5. Nc3 d6 6. g4 Nc6 7. g5 Nd7 8. Be3
Be7 9. h4 O-O 10. Qh5 Nxd4 11. Bxd4 a6 12. O-O-O b5 13. e5 g6 14. Qe2 dxe5 15.
Bxe5 Bb7 16. Rh3 Qc8 17. Bd4 b4 18. h5 Bxg5+ 19. Kb1 e5 20. hxg6 fxg6 21. Bxe5
Nxe5 22. Qxe5 Bf6 23. Qh2 bxc3 24. Rxh7 Rf7 25. Rxf7 Kxf7 26. Qh7+ Bg7 27. b3
Qg4 28. Bc4+ Kf6 29. f3 Rd8 30. Rc1 Qh5 31. Qxh5 gxh5 32. f4 h4 0-1

[Event "GBR-ch87"]
[Site "Millfield"]
[Date "2000.08.04"]
[Round "5.16"]
[White "Simutowe, Amon"]
[Black "McMichael, Richard"]
[Result "1/2-1/2"]
[WhiteElo "2322"]
[BlackElo "2250"]
[PlyCount "162"]
[EventDate "2000.07.31"]
[EventType "swiss"]
[EventRounds "11"]
[EventCountry "GBR"]
[SourceTitle "BritBase"]
[SourceDate "2008.07.14"]
[SourceVersion "1"]
[SourceVersionDate "2008.07.14"]
[SourceQuality "2"]

1. d4 e6 2. c4 f5 3. g3 Nf6 4. Bg2 d5 5. Nh3 c6 6. O-O Bd6 7. Qc2 O-O 8. Nd2
Qe8 9. Nf3 Nbd7 10. Nf4 Ne4 11. Nd3 Qh5 12. Nfe5 g5 13. f3 Nef6 14. Bd2 a5 15.
a3 Bb8 16. c5 Nxe5 17. dxe5 Nd7 18. Bc3 f4 19. b4 Qg6 20. Bd4 Bxe5 21. Qb2
Bxd4+ 22. Qxd4 Qf6 23. Qxf6 Rxf6 24. h4 h6 25. gxf4 gxf4 26. Bh3 Nf8 27. Kf2
Bd7 28. Rg1+ Kh7 29. Ne5 Be8 30. Rg2 Ng6 31. Rag1 h5 32. Rg5 Nxe5 33. Rxe5 Bf7
34. b5 a4 35. Rb1 Ra5 36. bxc6 bxc6 37. Rb7 Kh6 38. Rxf7 Rxf7 39. Rxe6+ Kg7 40.
Rxc6 Re7 41. Be6 d4 42. Bc4 Re5 43. Rc7+ Kg6 44. Rd7 Rexc5 45. Rxd4 Kf5 46. Ke1
Ra7 47. Kd2 Ke5 48. Re4+ Kd6 49. Rxf4 Rb7 50. Bd3 Ra7 51. Rf6+ Ke5 52. Rf8 Rd7
53. f4+ Ke6 54. Re8+ Kf6 55. Ra8 Rd4 56. Ra6+ Ke7 57. Ke3 Rcd5 58. Bb5 Rd1 59.
Bxa4 Rh1 60. Bc6 Rh3+ 61. Ke4 Rd6 62. Ra7+ Kf6 63. Bd5 Rxh4 64. Rf7+ Kg6 65.
Rf8 Rf6 66. Rg8+ Kh7 67. e3 Ra6 68. Ke5 Rxa3 69. e4 Rg4 70. Rc8 h4 71. f5 h3
72. Ke6 Ra6+ 73. Rc6 Rxc6+ 74. Bxc6 h2 75. e5 Rg1 76. f6 h1=Q 77. Bxh1 Rxh1 78.
Kf7 Kh8 79. e6 Rh7+ 80. Kg6 Kg8 81. e7 Rg7+ 1/2-1/2

[Event "GBR-ch87"]
[Site "Millfield"]
[Date "2000.08.04"]
[Round "5.17"]
[White "McFarland, Robert S"]
[Black "Buckley, Simon"]
[Result "1/2-1/2"]
[WhiteElo "2267"]
[BlackElo "2237"]
[PlyCount "27"]
[EventDate "2000.07.31"]
[EventType "swiss"]
[EventRounds "11"]
[EventCountry "GBR"]
[SourceTitle "BritBase"]
[SourceDate "2008.07.14"]
[SourceVersion "1"]
[SourceVersionDate "2008.07.14"]
[SourceQuality "2"]

1. Nf3 Nf6 2. g3 g6 3. Bg2 Bg7 4. O-O O-O 5. c4 d6 6. d4 a6 7. Nc3 Nc6 8. b3
Rb8 9. a4 Bf5 10. Bb2 Ne4 11. Nxe4 Bxe4 12. Qd2 e5 13. dxe5 dxe5 14. Qe3
1/2-1/2

[Event "GBR-ch87"]
[Site "Millfield"]
[Date "2000.08.04"]
[Round "5.18"]
[White "Rudd, Jack"]
[Black "Greet, Andrew"]
[Result "1-0"]
[WhiteElo "2176"]
[BlackElo "2266"]
[PlyCount "95"]
[EventDate "2000.07.31"]
[EventType "swiss"]
[EventRounds "11"]
[EventCountry "GBR"]
[SourceTitle "BritBase"]
[SourceDate "2008.07.14"]
[SourceVersion "1"]
[SourceVersionDate "2008.07.14"]
[SourceQuality "2"]

1. e4 c5 2. Nf3 Nc6 3. d4 cxd4 4. Nxd4 g6 5. c4 Bg7 6. Be3 Nf6 7. Nc3 Ng4 8.
Qxg4 Nxd4 9. Qd1 Ne6 10. Qd2 Qa5 11. Rc1 b6 12. Be2 Bb7 13. f3 g5 14. O-O Qe5
15. b4 Rd8 16. Nb5 Qb8 17. Bxg5 Be5 18. f4 Rg8 19. fxe5 Rxg5 20. Rf5 Rg7 21.
Qe3 Bc6 22. Nc3 d6 23. exd6 Rxd6 24. Nd5 Nf8 25. Rf2 Nd7 26. Qc3 Rh6 27. Bh5
Qe5 28. Qxe5 Nxe5 29. Rf5 Nd3 30. Rcf1 e6 31. Rxf7 Rxf7 32. Bxf7+ Kd8 33. Nf6
Nxb4 34. g3 e5 35. Ng4 Rd6 36. Bd5 Nd3 37. Bxc6 h5 38. Nxe5 Nxe5 39. Bd5 Rh6
40. Rf5 Nd7 41. e5 Ke8 42. h4 Ke7 43. Kf2 Nc5 44. Kf3 Rh7 45. Rg5 Nd3 46. Ke4
Nb4 47. Kf5 Nxa2 48. Rg8 1-0

[Event "GBR-ch87"]
[Site "Millfield"]
[Date "2000.08.04"]
[Round "5.19"]
[White "Barton, R Alan"]
[Black "Evans-Quek, Suan"]
[Result "0-1"]
[WhiteElo "2145"]
[BlackElo "2261"]
[PlyCount "108"]
[EventDate "2000.07.31"]
[EventType "swiss"]
[EventRounds "11"]
[EventCountry "GBR"]
[SourceTitle "BritBase"]
[SourceDate "2008.07.14"]
[SourceVersion "1"]
[SourceVersionDate "2008.07.14"]
[SourceQuality "2"]

1. Nf3 c5 2. c3 Nf6 3. d4 e6 4. Bg5 Nc6 5. e3 b6 6. Nbd2 Be7 7. Bd3 Bb7 8. Qe2
Rb8 9. a3 cxd4 10. cxd4 Nd5 11. e4 Bxg5 12. exd5 Bxd2+ 13. Nxd2 Ne7 14. Qg4 Kf8
15. d6 Nd5 16. Nf3 h5 17. Qe4 g5 18. O-O h4 19. Rfc1 f6 20. Bf1 Kg7 21. Ne1 Qf8
22. Qg4 Qxd6 23. Nd3 Rbc8 24. Rxc8 Rxc8 25. g3 hxg3 26. hxg3 Ba6 27. Rd1 Rc2
28. Qh5 Ne3 29. Ne5 fxe5 30. Qxg5+ Kf7 31. Qxe3 Bxf1 32. Kxf1 Qd5 33. Kg1 e4
34. Qf4+ Qf5 35. Qe3 Rxb2 36. Rc1 Ra2 37. Kg2 Qf3+ 38. Qxf3+ exf3+ 39. Kxf3
Rxa3+ 40. Ke4 Kf6 41. g4 Rb3 42. Rc7 a5 43. Rxd7 a4 44. f4 Rb5 45. g5+ Kg6 46.
Re7 a3 47. Rxe6+ Kf7 48. f5 a2 49. g6+ Kf8 50. f6 a1=Q 51. g7+ Kf7 52. Re7+
Kxf6 53. g8=N+ Kg6 54. Re6+ Kf7 0-1

[Event "GBR-ch87"]
[Site "Millfield"]
[Date "2000.08.04"]
[Round "5.21"]
[White "Aarthie, Ramaswamy"]
[Black "Collins, Sam IRL"]
[Result "1/2-1/2"]
[WhiteElo "2319"]
[BlackElo "2172"]
[PlyCount "68"]
[EventDate "2000.07.31"]
[EventType "swiss"]
[EventRounds "11"]
[EventCountry "GBR"]
[SourceTitle "BritBase"]
[SourceDate "2008.07.14"]
[SourceVersion "1"]
[SourceVersionDate "2008.07.14"]
[SourceQuality "2"]

1. e4 c5 2. Nf3 e6 3. d4 cxd4 4. Nxd4 Nf6 5. Nc3 d6 6. Be3 a6 7. f3 Nbd7 8. g4
h6 9. Qd2 b5 10. O-O-O Bb7 11. h4 b4 12. Na4 d5 13. Bh3 Qa5 14. b3 g5 15. hxg5
hxg5 16. Bxg5 dxe4 17. Bxf6 Nxf6 18. g5 Nd5 19. Nxe6 fxe6 20. fxe4 Rd8 21. exd5
Qxd5 22. Qe3 Rxh3 23. Qxh3 Qxg5+ 24. Kb1 Rxd1+ 25. Rxd1 Qe5 26. Qh7 Bg7 27.
Qg8+ Ke7 28. Qd8+ Kf7 29. Rf1+ Kg6 30. Rg1+ Kf7 31. Qd7+ Kf8 32. Qd8+ Kf7 33.
Qd7+ Kf8 34. Qd8+ Kf7 1/2-1/2

[Event "GBR-ch87"]
[Site "Millfield"]
[Date "2000.08.04"]
[Round "5.22"]
[White "Frost, Nicholas"]
[Black "Simons, Martin"]
[Result "0-1"]
[WhiteElo "2164"]
[BlackElo "2226"]
[PlyCount "80"]
[EventDate "2000.07.31"]
[EventType "swiss"]
[EventRounds "11"]
[EventCountry "GBR"]
[SourceTitle "BritBase"]
[SourceDate "2008.07.14"]
[SourceVersion "1"]
[SourceVersionDate "2008.07.14"]
[SourceQuality "2"]

1. e4 Nc6 2. d4 e5 3. Nf3 exd4 4. Nxd4 Nf6 5. Nxc6 bxc6 6. e5 Qe7 7. Qe2 Nd5 8.
c4 Ba6 9. b3 O-O-O 10. Bb2 f6 11. g3 fxe5 12. Bg2 g6 13. O-O Bg7 14. Qd2 Qb4
15. cxd5 Qxd2 16. Nxd2 Bxf1 17. Rxf1 cxd5 18. Bxd5 c6 19. Bg2 Rhe8 20. Re1 d5
21. Nf3 e4 22. Bxg7 exf3 23. Rxe8 Rxe8 24. Bxf3 Re1+ 25. Kg2 Rc1 26. Bg4+ Kb7
27. Kf3 Rc2 28. b4 Rxa2 29. Be6 Ra3+ 30. Ke2 Ra4 31. Bf8 a5 32. bxa5 Re4+ 33.
Kd3 Rxe6 34. Bc5 Ka6 35. Bb6 Kb5 36. h4 c5 37. f3 d4 38. h5 Re3+ 39. Kd2 Rxf3
40. hxg6 hxg6 0-1

[Event "GBR-ch87"]
[Site "Millfield"]
[Date "2000.08.04"]
[Round "5.23"]
[White "Lilley, Graham"]
[Black "D'Costa, Lorin"]
[Result "0-1"]
[WhiteElo "2224"]
[BlackElo "2157"]
[PlyCount "56"]
[EventDate "2000.07.31"]
[EventType "swiss"]
[EventRounds "11"]
[EventCountry "GBR"]
[SourceTitle "BritBase"]
[SourceDate "2008.07.14"]
[SourceVersion "1"]
[SourceVersionDate "2008.07.14"]
[SourceQuality "2"]

1. d4 Nf6 2. c4 e6 3. Nc3 Bb4 4. e3 b6 5. Nge2 Ne4 6. Qc2 Bb7 7. f3 Nxc3 8.
Nxc3 O-O 9. Bd3 Qh4+ 10. g3 Qh5 11. O-O Bxc3 12. bxc3 f5 13. Ba3 d6 14. e4 fxe4
15. Bxe4 Nc6 16. f4 Rab8 17. Rae1 Rf6 18. c5 dxc5 19. dxc5 Na5 20. cxb6 axb6
21. Bxb7 Nxb7 22. Be7 Rf7 23. Rxe6 Rxe7 24. f5 Rxe6 25. fxe6 Qe5 26. Rf7 Nc5
27. Qd2 Nxe6 28. Re7 Qc5+ 0-1

[Event "GBR-ch87"]
[Site "Millfield"]
[Date "2000.08.04"]
[Round "5.24"]
[White "Wise, David"]
[Black "Hempson, Peter"]
[Result "1/2-1/2"]
[WhiteElo "2173"]
[BlackElo "2219"]
[PlyCount "30"]
[EventDate "2000.07.31"]
[EventType "swiss"]
[EventRounds "11"]
[EventCountry "GBR"]
[SourceTitle "BritBase"]
[SourceDate "2008.07.14"]
[SourceVersion "1"]
[SourceVersionDate "2008.07.14"]
[SourceQuality "2"]

1. e4 c5 2. Nf3 Nc6 3. Bb5 g6 4. Bxc6 bxc6 5. O-O Bg7 6. Re1 e5 7. b4 cxb4 8.
a3 Ne7 9. Bb2 d6 10. d4 Qc7 11. axb4 O-O 12. dxe5 dxe5 13. Ra5 Rb8 14. Bc3 Rb5
15. Ra1 Rb7 1/2-1/2

[Event "GBR-ch87"]
[Site "Millfield"]
[Date "2000.08.04"]
[Round "5.25"]
[White "Kemp, Peter D"]
[Black "Pleasants, Allan"]
[Result "1-0"]
[WhiteElo "2214"]
[BlackElo "2040"]
[PlyCount "81"]
[EventDate "2000.07.31"]
[EventType "swiss"]
[EventRounds "11"]
[EventCountry "GBR"]
[SourceTitle "BritBase"]
[SourceDate "2008.07.14"]
[SourceVersion "1"]
[SourceVersionDate "2008.07.14"]
[SourceQuality "2"]

1. d4 Nf6 2. c4 c5 3. Nf3 g6 4. Nc3 cxd4 5. Nxd4 Nc6 6. e4 d6 7. Be2 Bg7 8. Nc2
O-O 9. Be3 b6 10. O-O Bb7 11. Qd2 Rc8 12. b3 Rc7 13. Rac1 Ne5 14. f3 Qa8 15.
Rfd1 Rd8 16. Nb4 Rcd7 17. Qc2 h6 18. Nbd5 Kh7 19. Rd2 e6 20. Nxf6+ Bxf6 21.
Rcd1 d5 22. exd5 exd5 23. f4 d4 24. fxe5 Bxe5 25. Bg4 Rd6 26. Nb5 Be4 27. Qc1
Rf6 28. Nxd4 h5 29. Bh3 Qb8 30. Ne2 Bxh2+ 31. Kh1 Re8 32. Rf1 Be5 33. Rxf6 Bxf6
34. Qf1 Kg7 35. Bf4 Qb7 36. Bh6+ Kxh6 37. Qxf6 Bd3 38. Rxd3 Rxe2 39. Rd8 Re1+
40. Kh2 Qc7+ 41. g3 1-0

[Event "GBR-ch87"]
[Site "Millfield"]
[Date "2000.08.04"]
[Round "5.26"]
[White "Homer, Stephen"]
[Black "Willmoth, Robert"]
[Result "0-1"]
[WhiteElo "2030"]
[BlackElo "2211"]
[PlyCount "64"]
[EventDate "2000.07.31"]
[EventType "swiss"]
[EventRounds "11"]
[EventCountry "GBR"]
[SourceTitle "BritBase"]
[SourceDate "2008.07.14"]
[SourceVersion "1"]
[SourceVersionDate "2008.07.14"]
[SourceQuality "2"]

1. e4 d6 2. d4 Nf6 3. Nc3 c6 4. f4 Qa5 5. Bd3 e5 6. Nf3 Bg4 7. dxe5 dxe5 8. h3
Bxf3 9. Qxf3 Nbd7 10. Bd2 exf4 11. Nd5 Qd8 12. Nxf4 Bd6 13. Bc3 Qe7 14. O-O-O
Ne5 15. Qf2 b5 16. Rhe1 Qc7 17. Qd2 O-O 18. Ba5 Qb8 19. Ne2 c5 20. Rf1 Re8 21.
Nc3 b4 22. Nd5 Nxd5 23. exd5 c4 24. Be4 Qb5 25. Bc7 Bxc7 26. d6 Rad8 27. dxc7
Rxd2 28. Rxd2 Qb6 29. Bc6 Qxc6 30. Rd8 Kf8 31. c8=Q Qxc8 32. Rxc8 Rxc8 0-1

[Event "GBR-ch87"]
[Site "Millfield"]
[Date "2000.08.04"]
[Round "5.27"]
[White "Jackson, Oliver"]
[Black "Obiamiwe, Paul"]
[Result "1-0"]
[WhiteElo "2209"]
[BlackElo "2065"]
[PlyCount "87"]
[EventDate "2000.07.31"]
[EventType "swiss"]
[EventRounds "11"]
[EventCountry "GBR"]
[SourceTitle "BritBase"]
[SourceDate "2008.07.14"]
[SourceVersion "1"]
[SourceVersionDate "2008.07.14"]
[SourceQuality "2"]

1. e4 c5 2. Nc3 Nc6 3. f4 d6 4. Nf3 g6 5. Bc4 e6 6. d3 Bg7 7. O-O Nge7 8. Qe1
a6 9. Kh1 b5 10. Bb3 Na5 11. Bd2 Nxb3 12. axb3 Bb7 13. f5 e5 14. Ng5 gxf5 15.
exf5 Bf6 16. Nce4 Nd5 17. c4 Nb4 18. Bxb4 Bxg5 19. Ba5 Qe7 20. f6 Qd7 21. Nxg5
Rg8 22. Ne4 Qe6 23. Bd2 bxc4 24. bxc4 Kd7 25. Bh6 Rg6 26. Bg7 Qg4 27. Rf2 Rb8
28. h3 Qh5 29. Qe2 Qh4 30. Raf1 Bc6 31. Kh2 Bxe4 32. Qxe4 Qxe4 33. dxe4 Rb3 34.
Ra1 Rb6 35. g4 Kc6 36. Rg2 Kb7 37. g5 Rb4 38. h4 h6 39. h5 Rxg5 40. Rxg5 hxg5
41. h6 Rxc4 42. Re1 Rc2+ 43. Kg3 Rxb2 44. h7 1-0